HIGH COURT CRIMINAL SESSION CASE NO.35 OF 1969 Uganda Vs Wakholi s/o Werikhe (Record no. 6513)
[ view plain ]
| 000 -LEADER | |
|---|---|
| fixed length control field | 00478nam a22001097a 4500 |
| 008 - FIXED-LENGTH DATA ELEMENTS--GENERAL INFORMATION | |
| fixed length control field | 150619b xxu||||| |||| 00| 0 eng d |
| 010 ## - LIBRARY OF CONGRESS CONTROL NUMBER | |
| Field link and sequence number | HCCRSF:004 |
| 245 ## - TITLE STATEMENT | |
| Title | HIGH COURT CRIMINAL SESSION CASE NO.35 OF 1969 Uganda Vs Wakholi s/o Werikhe |
| 260 ## - PUBLICATION, DISTRIBUTION, ETC. (IMPRINT) | |
| Place of publication, distribution, etc | High Court Kampala |
| 500 ## - GENERAL NOTE | |
| Materials specified | (Original criminal case no.MM.1396 OF 1968 in the Chief Magistrate's Court of Mbale at Mbale Before-K.N. Maini,Esq., Ag.Chief Magistrate)<br/> |
| 500 ## - GENERAL NOTE | |
| Materials specified | BEFORE:The Honourable Mr.Justice J.W.Mead |
| Withdrawn status | Lost status | Source of classification or shelving scheme | Damaged status | Koha normalized classification for sorting | Not for loan | Location (home branch) | Sublocation or collection (holding branch) | Shelving location | Date acquired | Koha issues (times borrowed) | Koha full call number | Piece designation (barcode) | Koha date last seen | Price effective from | Koha item type |
|---|---|---|---|---|---|---|---|---|---|---|---|---|---|---|---|
| Dewey Decimal Classification | HCCRSF_004 | Archives | Archives | Archives | 06/19/2015 | HCCRSF:004 | 0712/2015 | 06/19/2015 | 06/19/2015 | Un Reported Cases |
